| 000 | 00390nam a2200133Ia 4500 | ||
|---|---|---|---|
| 008 | 210430s9999 xx 000 0 und d | ||
| 020 | _a978-0-387-32473-9 | ||
| 082 | _a681.2 K141 N | ||
| 100 |
_aKourosh Kalantra -Zadeh, Benjamin Fry _9128869 |
||
| 245 |
_aNanotechnology Enabled Sensors / _cKourosh Kalantra -Zadeh |
||
| 260 |
_aUSA _bSpringer _c2008 |
||
| 300 | _a490p | ||
| 942 |
_cBK _2ddc |
||
| 999 |
_c564771 _d564771 |
||